000 00952nam a2200277 a 4500
001 000007225
005 20240410184606.0
008 090907s2002 dr 001 0 spa d
020 _a999346208X
040 _aDO-SdBNP
_bspa
_cBNPHU
082 _a617.6342
_bS678p
100 1 _aSocías Báez, Nelson
_920042
245 1 0 _aProducción de conocimiento en odontología /
_cNelson Socías Báez.
260 _aSanto Domingo :
_bUniversitaria,
_c2002.
300 _a49 p. ;
_c21 cm.
490 1 _aUniversidad Autonóma de Santo Domingo ;
_v1060
490 1 _aSalud y Sociedad ;
_v39
500 _aIncluye datos biográficos del autor en la solapa
504 _aBibliografía : p. 45 - 49
650 0 _aODONTOLOGÍA
_920035
650 4 _aEndodoncia
_vMANUALES
_920043
650 4 _aPulpa dental
_920044
650 4 _aCanal radicular
_920045
830 0 _aUniversidad Autonóma de Santo Domingo ;
_n1060
_920046
830 0 _aSalud y Sociedad ;
_n39
_920047
999 _c7006
_d7006